Name a Valid Country for Every Time Zone - Statistics

General Stats
  • This quiz has been taken 43 times
  • The average score is 23 of 55
Answer Stats
Time Zone Countries % Correct
UTC-11:00No DST New Zealand (Niue) | United States (American Samoa, Jarvis Island, Kingman Reef, Midway Atoll, Palmyra Atoll)
85%
UTC-10:00DST United States
85%
UTC-12:00No DST United States (Baker Island, Howland Island)
85%
UTC-10:00No DST United States France (Most of French Polynesia) | New Zealand (Cook Islands) | United States (Johnston Atoll)
85%
UTC-9:00DST United States
70%
UTC-8:00DST Canada | Mexico | United States
67%
UTC+1:00DST Albania | Andorra | Austria | Belgium | Bosnia and Herzegovina | Croatia | Czech Republic | Denmark | France | Germany | Hungary | Italy | Kosovo | Liechtenstein | Luxembourg | Malta | Monaco | Montenegro | Netherlands | North Macedonia | Norway | Poland | San Marino | Serbia | Slovakia | Slovenia | Spain | Sweden | Switzerland | Vatican City United Kingdom (Gibraltar)
63%
UTC-7:00DST Canada | Mexico | United States
63%
UTC-5:00No DST Brazil | Canada | Colombia | Ecuador | Jamaica | Mexico | Panama | Peru Untied Kingdom (Cayman Islands) | United States (Navassa Island)
59%
UTC-6:00DST Canada | Chile | Mexico | United States
59%
UTC-7:00 No DST Canada | Mexico | United States
59%
UTC±0:00DST Ireland | Portugal | Spain | United Kingdom Denmark (Faroe Islands) | United Kingdom (Guernsey, Isle of Man, Jersey)
59%
UTC-4:00No DST Antigua and Barbuda | Barbados | Bolivia | Brazil | Canada | Dominica | Dominican Republic | Grenada | Guyana | Saint Kitts and Nevis | Saint Lucia | Saint Vincent and the Grenadines | Trinidad and Tobago | Venezuela France (Guadeloupe, Martinique, Saint Barthélemy, Saint Martin) | Netherlands (Aruba, Caribbean Netherlands, Curaçao, Sint Maarten) | United Kingdom (Anguilla, British Virgin Islands, Montserrat) | Untied States (Puerto Rico, U.S. Virgin Islands)
56%
UTC-5:00DST Bahamas | Canada | Cuba | Haiti | United States United Kingdom (Turks and Caicos Islands)
56%
UTC±0:00No DST Burkina Faso | Gambia | Ghana | Guinea | Guinea-Bissau | Iceland | Ivory Coast | Liberia | Mali | Mauritania | Senegal | Sierra Leone | São Tomé and Príncipe | Togo Denmark (Northeast Greenland National Park east coast) | United Kingdom (Saint Helena, Ascension and Tristan da Cunha)
56%
UTC+3:00No DST Bahrain | Belarus | Comoros | Djibouti | Eritrea | Ethiopia | Georgia (Abkhazia, South Ossetia) | Iraq | Jordan | Kenya | Kuwait | Madagascar | Qatar | Russia | Saudi Arabia | Somalia | South Africa | Syria | Tanzania | Turkey | Uganda | Ukraine (Russia-occupied territories) | Yemen France (Mayotte and other scattered islands)
52%
UTC-3:00No DST Argentina | Brazil | Chile | Paraguay | Suriname | Uruguay France (French Guiana) | United Kingdom (Falkland Islands)
48%
UTC+4:00No DST Armenia | Azerbaijan | Georgia | Mauritius | Oman | Russia | Seychelles | United Arab Emirates France (Réunion, Crozet Islands)
48%
UTC+8:00No DST Australia | Brunei | China | Indonesia | Malaysia | Mongolia | Philippines | Russia | Singapore | Taiwan China (Hong Kong, Macau)
48%
UTC+2:00DST Bulgaria | Cyprus | Egypt | Estonia | Finland | Greece | Israel | Latvia | Lebanon | Lithuania | Moldova | Romania | Ukraine United Kingdom (Akrotiri and Dhekelia)
48%
UTC+6:00No DST Bangladesh | Bhutan | Kyrgyzstan | Russia United Kingdom (British Indian Ocean Territory)
44%
UTC-6:00No DST Belize | Canada | Costa Rica | Ecuador | El Salvador | Guatemala | Honduras | Mexico | Nicaragua
44%
UTC+7:00No DST Cambodia | Indonesia | Laos | Mongolia | Russia | Thailand | Vietnam Australia (Christmas Island)
44%
UTC+9:00No DST East Timor | Indonesia | Japan | North Korea | Palau | Russia | South Korea
44%
UTC-9:30No DST France (Marquesas Islands)
44%
UTC+5:00No DST Kazakhstan | Maldives | Pakistan | Russia | Tajikistan | Turkmenistan | Uzbekistan Australia (Heard Island and McDonald Island) | France (Amsterdam Island, Kerguelen Islands, Saint Paul Island)
44%
UTC+10:00No DST Australia | Micronesia | Papua New Guinea | Russia United States (Guam, Northern Mariana Islands)
41%
UTC-2:00No DST Brazil United Kingdom (South Georgia and the South Sandwich Islands)
41%
UTC-9:00No DST France (Gambier Islands)
41%
UTC+12:00No DST Fiji | Kiribati | Marshall Islands | Nauru | Russia | Tuvalu France (Wallis and Futuna) | United States (Wake Island)
41%
UTC-8:00No DST France (Clipperton Island) | United Kingdom (Pitcairn Islands)
41%
UTC+1:00No DST Algeria | Angola | Benin | Cameroon | Central African Republic | Chad | Democratic Republic of the Congo | Equatorial Guinea | Gabon | Morocco | Niger | Nigeria | Republic of the Congo | Tunisia
37%
UTC+2:00No DST Botswana | Burundi | Democratic Republic of the Congo | Eswatini | Lesotho | Libya | Malawi | Mozambique | Namibia | Russia | Rwanda | South Africa | South Sudan | Sudan | Zambia | Zimbabwe
37%
UTC-4:00DST Canada | Chile Denmark (Pittufik Space Base) | United Kingdom (Bermuda)
37%
UTC+11:00No DST Micronesia | Papua New Guinea | Russia | Solomon Islands | Vanuatu France (New Caledonia)
37%
UTC-3:30DST Canada
33%
UTC-3:00DST France (Saint Pierre and Miquelon)
30%
UTC+3:30No DST Iran
30%
UTC+13:00No DST Kiribati | Samoa | Tonga New Zealand (Tokelau)
30%
UTC-1:00 DST Portugal
30%
UTC+5:30No DST India | Sri Lanka
26%
UTC+14:00No DST Kiribati
26%
UTC+4:30No DST Afghanistan
22%
UTC+9:30DST Australia
22%
UTC+10:00DST Australia
22%
UTC+10:30DST Australia
22%
UTC+6:30No DST Myanmar Australia (Cocos (Keeling) Islands)
22%
UTC+12:00DST New Zealand
22%
UTC+8:45No DST Australia
19%
UTC+9:30No DST Australia
19%
UTC+11:00DST Australia (Norfolk Island)
19%
UTC+5:45No DST Nepal
19%
UTC-1:00No DST Cape Verde
15%
UTC-2:00DST Denmark (most of Greenland)
15%
UTC+12:45DST New Zealand
15%
No matching quizzes found
Score Distribution
Percent of People with Each Score
Percentile by Number Answered
Your Score History
You have not taken this quiz